000 00713nam a22002297a 4500
005 20170124110255.0
010 _aB-031012
020 _c00.00
_a8170997976
035 _aB-031012
037 _bCen Lib/Ret
040 _aDPL
_bEN
082 _a374.4
_bRAM
100 _aRamaiah, Y. R.
_9113764
245 _aDistance education and open learning :
_cby Y. R. Ramaiah
260 _aNew Delhi
_bMittal Publicaitons
_c2000
270 _aA-110, Mohan Garden
_bNew Delhi
_e110059
300 _aix, 274p.
_c21cm(Hb)
500 _aIncludes bibliographical reference and index
650 _aOpen learning - education
_97874
650 _aDistance education
_97875
942 _2ddc
_cEN
_h374.4
_mRAM
999 _c136189
_d136189